01068naa#a2200181#i#4500001001600000005001700016011001400033100004100047102000700088200035400095210011900449215001000568608004500578675012500623700005200748700006200800856002400862RU\\bibl\12185420260430140848.4##a2658-638X##a20251215b2025####ek#y0rusy0150####ca##aRU1#aАктуальные вопросы совершенствования нормативного правового обеспечения подготовки полиграфологов в системе дополнительного профессионального образования МВД РоссииeЖурнальная статья1#aМоскваcМосковский университет МВД России имени В.Я. Кикотяd2025##a4 с.##aЖурнальная статья2local##aНародное образование. Воспитание. Обучение. Организация досуга. 37#1aСадековgРустем Рафекович#1aМатвеевgДмитрий Александрович4#amosumvd.editorum.ru